| 000 | 03094nam0a2200445 4500 | ||
|---|---|---|---|
| 001 | RU\NLR\BIBL_A\011742737 | ||
| 005 | 20250630160337.0 | ||
| 020 |
_aRU _b16349 _9Сводный каталог листовок первых лет Советской власти (25 октября (7 ноября) 1917 - 1925) Т.5. Листовки советских, партийных, профсоюзных, комсомольских и других организаций Уральской области, автономных областей и республик РСФСР. Ч.2 |
||
| 035 | _a(NLR Aleph) 011742737 | ||
| 090 |
_a11585955 _c11585955 |
||
| 100 | _a20180704d1920 |||y0rusy50 ca | ||
| 101 | 0 | _arus | |
| 102 | _aRU | ||
| 105 | _ay z 000zy | ||
| 135 | _acrcn 024apada | ||
| 200 | 1 |
_aПриказ войсковым частям и учреждениям Елабужского уездного военного комиссариата № 66, Мая 6 дня 1920 г. _e[о мобилизации бывших железнодорожников, состоящих на военной службе в ж.-д. войсках _eлистовка _fЕлабужский уезд. комиссариат по военным делам] |
|
| 210 |
_a[Елабуга _cб. и. _d1920, май] |
||
| 215 |
_a1 с. _d33х18 |
||
| 300 | _aПодписи: уездный военный комиссар Тимофеев; военный руководитель Зиновьев | ||
| 325 | 1 | _aКопия доступна в Электронной библиотеке РНБ | |
| 517 | 1 | _aо мобилизации бывших железнодорожников, состоящих на военной службе в ж.-д. войсках | |
| 607 |
_aРСФСР _jЛистовки _xПолитика и управление _y1917 - 1925 _92312782 _3RU\NLR\auth\6601609564 |
||
| 686 | 0 | _aТ3(2)71-313,011 | |
| 686 | 0 | _aТ3(2Р-6Т)71-313,011 | |
| 702 | 1 |
_4720 _aТимофеев _cучастник установления советской власти, г. Елабуга _9198732 _3RU\NLR\AUTH\770198783 |
|
| 702 | 1 |
_4720 _aЗиновьев _cучастник установления советской власти, г. Елабуга _9198735 _3RU\NLR\AUTH\770198786 |
|
| 710 | 0 | 2 |
_aЕлабужский уездный комиссариат по военным делам _9638327 _3RU\NLR\AUTH\880488971 |
| 852 | 0 | 0 |
_aNLR _bФЛ _j34/5 |
| 856 | 0 | _uhttps://vivaldi.nlr.ru/ll000011379/view | |
| 856 | 1 | _uhttps://vivaldi.nlr.ru/ll000011379/cover | |
| 856 | 2 | _uhttps://vivaldi.nlr.ru/ll000011379/text | |
| 942 | _cBOOK | ||
| 980 | _aNB | ||
| 981 | 2 | 2 |
_a(22) Материалы по истории России _b(22) История России с 25 октября (7 ноября) 1917 года |
| 981 | 2 | 1 |
_a(21) Листовки _b(21) Листовки 1920 года |